[Event "España ch Universitario 2007"]
[Site "Cartagena ESP"]
[Date "2007.05.07"]
[Round "2.60"]
[White "Amigo Villalta, Jordi"]
[Black "Engo Pardo, Javier"]
[Result "0-1"]
[WhiteElo "2192"]
[BlackElo "2072"]
[PlyCount "44"]
[EventDate "2007.05.06"]
[EventType "swiss"]
[EventRounds "9"]
[EventCountry "ESP"]
[Source "lmi"]
[SourceDate "2007.05.06"]

1. d4 Nf6 2. Bg5 g6 3. Bxf6 exf6 4. e3 Bg7 5. Bd3 f5 6. Nd2 b6 7. Qf3 Nc6 8. c3
Bb7 9. Ne2 Qc8 10. e4 O-O 11. Qf4 fxe4 12. Nxe4 Qd8 13. O-O-O d5 14. Nd2 Na5
15. h4 c5 16. h5 Re8 17. hxg6 hxg6 18. dxc5 bxc5 19. Qg4 d4 20. c4 Nc6 21. Nf4
Ne5 22. Qh3 Qf6 0-1

[Event "España ch Universitario 2007"]
[Site "Cartagena ESP"]
[Date "2007.05.07"]
[Round "2.61"]
[White "Paredes Mancha, Antonio Angel"]
[Black "Sanchez Arevalo, Luis"]
[Result "0-1"]
[WhiteElo "2069"]
[BlackElo "1890"]
[PlyCount "122"]
[EventDate "2007.05.06"]
[EventType "swiss"]
[EventRounds "9"]
[EventCountry "ESP"]
[Source "lmi"]
[SourceDate "2007.05.06"]

1. e4 c5 2. Nf3 e6 3. c3 Nc6 4. d4 d5 5. exd5 Qxd5 6. Bd3 cxd4 7. cxd4 Nf6 8.
O-O Be7 9. Nc3 Qd8 10. Be3 O-O 11. Rc1 Nb4 12. Bb1 Bd7 13. Qe2 Bc6 14. Ne5 Rc8
15. Rfd1 Nbd5 16. Bg5 Nxc3 17. bxc3 Ba3 18. Nxc6 Rxc6 19. Qd3 g6 20. Qf3 Kg7
21. Rc2 Be7 22. Re2 Qc7 23. Bf4 Bd6 24. Bxd6 Qxd6 25. Rc2 b5 26. Rcc1 Rfc8 27.
Qe2 a6 28. Qb2 Qc7 29. Qa3 Rxc3 30. Rxc3 Qxc3 31. Qxa6 Qxd4 32. Rf1 Qc5 33. h3
b4 34. Qb7 Rd8 35. Qf3 Rd4 36. Qe2 Qc3 37. Re1 Rd2 38. Qe3 Qxe3 39. fxe3 Nd5
40. Kf1 Nc3 41. Rc1 Rb2 42. Bd3 Rxa2 43. Rc2 Rxc2 44. Bxc2 Kf6 45. Ke1 Ke5 46.
Kd2 Kd5 47. Bb3+ Kc5 48. Kd3 Nb1 49. Bc2 Na3 50. Bb3 Nb5 51. Bd1 Nd6 52. Bb3
Nb7 53. Ba4 f6 54. Bb3 e5 55. Bg8 h6 56. Bf7 g5 57. Ba2 Nd6 58. Bb1 e4+ 59. Ke2
Kc4 60. g4 Kc3 61. Kd1 Kb2 0-1

[Event "España ch Universitario 2007"]
[Site "Cartagena ESP"]
[Date "2007.05.07"]
[Round "2.62"]
[White "Catalina Ledesma, Eduardo"]
[Black "Gomez Gomez, Francisco Javier"]
[Result "0-1"]
[WhiteElo "1973"]
[BlackElo "2062"]
[PlyCount "90"]
[EventDate "2007.05.06"]
[EventType "swiss"]
[EventRounds "9"]
[EventCountry "ESP"]
[Source "lmi"]
[SourceDate "2007.05.06"]

1. e4 c5 2. Nf3 Nc6 3. d4 cxd4 4. Nxd4 Nf6 5. Nc3 e6 6. Bc4 Bb4 7. Nxc6 bxc6 8.
Qf3 d5 9. exd5 cxd5 10. Bd2 O-O 11. O-O Bb7 12. Bd3 e5 13. Qg3 Re8 14. a3 Bf8
15. Bg5 e4 16. Be2 Qb6 17. Rad1 Rad8 18. Nb5 d4 19. Bc4 a6 20. Qc7 Qxc7 21.
Nxc7 Re5 22. Bf4 Rc5 23. Bxa6 Bxa6 24. Nxa6 Rxc2 25. Rd2 Rxd2 26. Bxd2 Bd6 27.
Nb4 Ng4 28. g3 Ne5 29. Kg2 Nf3 30. Rd1 f5 31. Nc2 Kf7 32. Bb4 d3 33. Ne1 Bxb4
34. axb4 Nxe1+ 35. Rxe1 Rb8 36. Rd1 Rxb4 37. Rd2 Rc4 38. b3 Rc2 39. Rd1 Rb2 40.
g4 Rxb3 41. gxf5 Kf6 42. Rd2 Kxf5 43. Kg3 e3 44. fxe3 Ke4 45. Kf2 Rc3 0-1

[Event "España ch Universitario 2007"]
[Site "Cartagena ESP"]
[Date "2007.05.07"]
[Round "2.63"]
[White "Gallardo Estrella, Alvaro"]
[Black "Castro Couceiro, Silvia"]
[Result "0-1"]
[WhiteElo "2059"]
[BlackElo "1873"]
[PlyCount "78"]
[EventDate "2007.05.06"]
[EventType "swiss"]
[EventRounds "9"]
[EventCountry "ESP"]
[Source "lmi"]
[SourceDate "2007.05.06"]

1. d4 Nf6 2. c4 g6 3. Nc3 Bg7 4. e4 d6 5. f4 Nc6 6. Nf3 O-O 7. Be2 b6 8. O-O
Bb7 9. e5 Nd7 10. Be3 e6 11. Rc1 Ne7 12. Nd2 Bh6 13. Bf3 Bxf3 14. Qxf3 f6 15.
Qh3 Nf5 16. exd6 cxd6 17. g4 Nxe3 18. Qxe3 e5 19. g5 fxg5 20. fxe5 dxe5 21.
Rxf8+ Qxf8 22. dxe5 Re8 23. e6 Nc5 24. Rf1 Qd6 25. Nb5 Qe7 26. Qh3 Bg7 27. Nf3
Nxe6 28. Re1 Nf4 29. Qf1 Qc5+ 30. Kh1 Rf8 31. Nc3 Bxc3 32. bxc3 Qc6 33. Kg1 g4
34. Ne5 Qb7 35. Nxg4 Qd7 36. Qf3 Nd3 37. Nf6+ Rxf6 38. Qxf6 Nxe1 39. Qe5 Nf3+
0-1

[Event "España ch Universitario 2007"]
[Site "Cartagena ESP"]
[Date "2007.05.07"]
[Round "2.64"]
[White "Alvarez Lopez, Carlos"]
[Black "Rey Garcia, Tomas"]
[Result "1-0"]
[WhiteElo "1879"]
[BlackElo "2052"]
[PlyCount "65"]
[EventDate "2007.05.06"]
[EventType "swiss"]
[EventRounds "9"]
[EventCountry "ESP"]
[Source "lmi"]
[SourceDate "2007.05.06"]

1. e4 e5 2. Nf3 Nc6 3. Bb5 Bc5 4. c3 Nge7 5. O-O O-O 6. d4 exd4 7. cxd4 Bb6 8.
d5 Nb8 9. Bg5 f6 10. Bh4 d6 11. h3 Ng6 12. Bg3 f5 13. exf5 Bxf5 14. Nd4 Qg5 15.
Nc3 Nd7 16. Nxf5 Qxf5 17. Bxd7 Qxd7 18. Na4 Rfe8 19. Nxb6 axb6 20. Qc2 Rac8 21.
Rac1 Qb5 22. Qd2 Re2 23. Qg5 Qd7 24. h4 Rce8 25. f4 Rxb2 26. Rce1 Ree2 27. Rxe2
Rxe2 28. h5 Nf8 29. h6 Qe7 30. Qg4 Nd7 31. Bh4 Rxg2+ 32. Kxg2 Nf6 33. Bxf6 1-0

[Event "España ch Universitario 2007"]
[Site "Cartagena ESP"]
[Date "2007.05.07"]
[Round "2.65"]
[White "Codina Tormo, Julia"]
[Black "Martinez-tafalla Lopez, Manuel"]
[Result "1-0"]
[WhiteElo "2051"]
[BlackElo "1848"]
[PlyCount "81"]
[EventDate "2007.05.06"]
[EventType "swiss"]
[EventRounds "9"]
[EventCountry "ESP"]
[Source "lmi"]
[SourceDate "2007.05.06"]

1. e4 c5 2. Nf3 d6 3. d4 cxd4 4. Nxd4 Bd7 5. Nc3 Nf6 6. f3 a6 7. Be3 e6 8. Qd2
Be7 9. O-O-O O-O 10. g4 b5 11. h4 Nc6 12. Nxc6 Bxc6 13. Ne2 d5 14. Nd4 Bb7 15.
e5 Nd7 16. f4 Nc5 17. Bd3 Rc8 18. g5 Nxd3+ 19. Qxd3 Qa5 20. Kb1 Rc4 21. h5 b4
22. g6 fxg6 23. hxg6 h6 24. Nxe6 d4 25. Nxf8 Bxh1 26. Qxc4+ Bd5 27. Qxd4 Bxa2+
28. Kc1 Kxf8 29. Qd7 Qb5 30. Qc8+ Qe8 31. Qf5+ Kg8 32. Qd7 Qf8 33. b3 a5 34.
Kb2 a4 35. Kxa2 axb3+ 36. Kxb3 h5 37. Qe6+ Kh8 38. Qf7 h4 39. Qxf8+ Bxf8 40.
Rd8 Kg8 41. Bc5 1-0

[Event "España ch Universitario 2007"]
[Site "Cartagena ESP"]
[Date "2007.05.07"]
[Round "2.67"]
[White "De Vega Fernandez, Francisco Javier"]
[Black "Torrenta Planas, Marcel"]
[Result "0-1"]
[WhiteElo "1820"]
[BlackElo "2046"]
[PlyCount "66"]
[EventDate "2007.05.06"]
[EventType "swiss"]
[EventRounds "9"]
[EventCountry "ESP"]
[Source "lmi"]
[SourceDate "2007.05.06"]

1. e4 d5 2. exd5 Qxd5 3. Nc3 Qa5 4. d4 Nf6 5. Nf3 c6 6. Be2 Bf5 7. O-O e6 8.
Bf4 Bb4 9. Bd2 Qc7 10. Nb5 Qb6 11. Bxb4 cxb5 12. Re1 Nbd7 13. Nh4 Be4 14. Bf3
Bd5 15. Nf5 Kd8 16. Nd6 Rg8 17. Bxd5 exd5 18. Nxf7+ Kc8 19. Nd6+ Kc7 20. Qd2 a5
21. Qc3+ Kb8 22. Bc5 Qc6 23. a4 b4 24. Qg3 b6 25. Nb5+ Kc8 26. Bd6 Ne4 27. Rxe4
dxe4 28. d5 Qxd5 29. c3 bxc3 30. Qxc3+ Kd8 31. Nc7 Qxd6 32. Nxa8 Qb8 33. Qc6
Qc8 0-1

[Event "España ch Universitario 2007"]
[Site "Cartagena ESP"]
[Date "2007.05.07"]
[Round "2.68"]
[White "Iza Abete, Amaia"]
[Black "Urrutia Gonzalez, Javier"]
[Result "1-0"]
[WhiteElo "2044"]
[BlackElo "1809"]
[PlyCount "53"]
[EventDate "2007.05.06"]
[EventType "swiss"]
[EventRounds "9"]
[EventCountry "ESP"]
[Source "lmi"]
[SourceDate "2007.05.06"]

1. e4 c5 2. Nf3 d6 3. d4 cxd4 4. Nxd4 Nf6 5. Nc3 Nc6 6. f3 e6 7. Be3 Be7 8. Be2
a6 9. g4 d5 10. g5 Ng8 11. h4 Bb4 12. Nxc6 bxc6 13. Qd4 Bf8 14. exd5 exd5 15.
O-O-O Be6 16. Qa4 Ne7 17. Bc5 Qd7 18. Ne4 Nf5 19. Bxf8 Kxf8 20. Nc5 Qe7 21.
Qxc6 Rc8 22. Nxe6+ Qxe6 23. Qxa6 Qe3+ 24. Kb1 Rb8 25. Rxd5 Qc3 26. Rd8+ Ke7 27.
Rxb8 1-0

[Event "España ch Universitario 2007"]
[Site "Cartagena ESP"]
[Date "2007.05.07"]
[Round "2.73"]
[White "Mainz Mendivil, Izaskun"]
[Black "Davo Torres, Enrique"]
[Result "0-1"]
[WhiteElo "1756"]
[BlackElo "2033"]
[PlyCount "70"]
[EventDate "2007.05.06"]
[EventType "swiss"]
[EventRounds "9"]
[EventCountry "ESP"]
[Source "lmi"]
[SourceDate "2007.05.06"]

1. e4 c5 2. Nf3 d6 3. Nc3 Nc6 4. d3 g6 5. Be2 Bg7 6. O-O Nf6 7. Be3 O-O 8. e5
Ng4 9. exd6 exd6 10. Bf4 Nf6 11. d4 Nh5 12. Bg5 Qb6 13. Na4 Qa5 14. c3 b5 15.
b4 Qxa4 16. bxc5 dxc5 17. Qxa4 bxa4 18. dxc5 Bxc3 19. Rac1 Bb2 20. Rb1 a3 21.
Bb5 Bb7 22. Nd2 Nd4 23. Bd7 f6 24. Be3 Ne2+ 25. Kh1 Nc3 26. Rbe1 Ba6 27. Bh6
Bxf1 28. Nxf1 Ng7 29. Bxg7 Kxg7 30. c6 Nxa2 31. c7 Nc1 32. Nd2 a2 33. Rxc1 Bxc1
34. Nb3 Bb2 35. g3 Rac8 0-1

[Event "España ch Universitario 2007"]
[Site "Cartagena ESP"]
[Date "2007.05.07"]
[Round "2.74"]
[White "Garcia Rodriguez, Dario"]
[Black "Ramos Garcia, Daniel"]
[Result "1/2-1/2"]
[WhiteElo "2031"]
[BlackElo "1924"]
[PlyCount "114"]
[EventDate "2007.05.06"]
[EventType "swiss"]
[EventRounds "9"]
[EventCountry "ESP"]
[Source "lmi"]
[SourceDate "2007.05.06"]

1. Nf3 d5 2. d4 Nc6 3. c4 e6 4. g3 Nf6 5. Bg2 Be7 6. O-O O-O 7. Nbd2 b6 8. Qc2
Rb8 9. cxd5 Nb4 10. Qa4 b5 11. Qd1 Nbxd5 12. Ne5 Bb7 13. Ndf3 Nd7 14. Bd2 f6
15. Nd3 Bd6 16. e4 N5b6 17. e5 Bxf3 18. Bxf3 fxe5 19. dxe5 Bxe5 20. Nxe5 Nxe5
21. Be4 Qd4 22. Bxh7+ Kxh7 23. Qh5+ Kg8 24. Bc3 Nf3+ 25. Qxf3 Rxf3 26. Bxd4 Nd5
27. Bxa7 Ra8 28. Bc5 c6 29. Rfe1 Re8 30. Re2 Rf5 31. Bd4 e5 32. Rae1 Nb4 33.
Rxe5 Rfxe5 34. Rxe5 Rxe5 35. Bxe5 Nxa2 36. Bd6 Nc1 37. b4 Kf7 38. h4 Nd3 39.
Kf1 Ke6 40. Bf8 g6 41. Ke2 Ne5 42. f4 Nd7 43. Bg7 c5 44. bxc5 Nxc5 45. Kf3 Nd7
46. Bb2 Nc5 47. g4 b4 48. h5 gxh5 49. gxh5 Kf7 50. Ke3 Kg8 51. Be5 Kh7 52. Bd6
b3 53. Be5 Kh6 54. Kd2 Kxh5 55. Kc3 b2 56. Kxb2 Nd3+ 57. Kc3 Nxf4 1/2-1/2

[Event "España ch Universitario 2007"]
[Site "Cartagena ESP"]
[Date "2007.05.07"]
[Round "2.75"]
[White "Naval Martinez, Albert"]
[Black "Vila Callejo, Emma"]
[Result "0-1"]
[WhiteElo "1650"]
[BlackElo "2030"]
[PlyCount "54"]
[EventDate "2007.05.06"]
[EventType "swiss"]
[EventRounds "9"]
[EventCountry "ESP"]
[Source "lmi"]
[SourceDate "2007.05.06"]

1. e4 c5 2. Nf3 e6 3. d4 cxd4 4. Nxd4 a6 5. Nc3 Qc7 6. Be3 Nf6 7. f3 b5 8. a3
Bb7 9. Be2 d5 10. exd5 Nxd5 11. Nxd5 Bxd5 12. O-O Bd6 13. f4 Nd7 14. Bf3 Nf6
15. g3 h5 16. Bxd5 Nxd5 17. Bf2 Nf6 18. Re1 h4 19. Nf5 O-O-O 20. Nxd6+ Rxd6 21.
Qf3 Kb8 22. f5 exf5 23. gxh4 Ne4 24. Qxf5 Nxf2 25. Qxf2 Qd7 26. Qg3 Kc8 27. Re2
Rg6 0-1

[Event "España ch Universitario 2007"]
[Site "Cartagena ESP"]
[Date "2007.05.07"]
[Round "2.76"]
[White "Rodriguez Falcon, Jesus Manuel"]
[Black "Arguelles Casas, Daniel"]
[Result "0-1"]
[WhiteElo "2014"]
[BlackElo "1942"]
[PlyCount "76"]
[EventDate "2007.05.06"]
[EventType "swiss"]
[EventRounds "9"]
[EventCountry "ESP"]
[Source "lmi"]
[SourceDate "2007.05.06"]

1. e4 c5 2. Nf3 Nc6 3. d3 g6 4. g3 Bg7 5. Bg2 d6 6. Nbd2 Nf6 7. O-O O-O 8. c3
Nd7 9. Re1 Qc7 10. Qe2 e6 11. a4 a5 12. Nc4 Nde5 13. Nfxe5 Nxe5 14. Ne3 Nc6 15.
f4 Ne7 16. g4 Rb8 17. h4 Bd7 18. g5 f5 19. gxf6 Rxf6 20. Ng4 Rff8 21. Rf1 Bc6
22. Be3 Qd7 23. Qc2 b5 24. axb5 Rxb5 25. b3 Rfb8 26. Rfb1 Qb7 27. Ra3 h5 28.
Nh2 a4 29. Rxa4 Rxb3 30. Rxb3 Qxb3 31. Qxb3 Rxb3 32. Ra7 Kf8 33. e5 d5 34. Bxc5
Rb7 35. Rxb7 Bxb7 36. Kf2 Ke8 37. Bxe7 Kxe7 38. Ke3 d4+ 0-1

[Event "España ch Universitario 2007"]
[Site "Cartagena ESP"]
[Date "2007.05.07"]
[Round "2.79"]
[White "Molina Ballester, Sergio"]
[Black "Espino Urbano, Carlos"]
[Result "1-0"]
[WhiteElo "2007"]
[BlackElo "2232"]
[PlyCount "41"]
[EventDate "2007.05.06"]
[EventType "swiss"]
[EventRounds "9"]
[EventCountry "ESP"]
[Source "lmi"]
[SourceDate "2007.05.06"]

1. e4 e6 2. d4 d5 3. Nc3 Nf6 4. e5 Ne4 5. Bd3 f5 6. exf6 Nxf6 7. Nf3 Bd7 8. O-O
Bd6 9. Re1 O-O 10. Bg5 c5 11. dxc5 Bxc5 12. Qe2 Nc6 13. Rad1 a6 14. a3 Qc7 15.
Bh4 Rae8 16. Qf1 Ng4 17. Bg3 Bxf2+ 18. Qxf2 Nxf2 19. Bxc7 Nxd1 20. Rxd1 h6 21.
Bd6 1-0

[Event "España ch Universitario 2007"]
[Site "Cartagena ESP"]
[Date "2007.05.07"]
[Round "2.84"]
[White "Torroglosa Miñarro, Juan Jose"]
[Black "Muñoz Paredes, Ernesto"]
[Result "1-0"]
[WhiteElo "1941"]
[BlackElo "2102"]
[PlyCount "73"]
[EventDate "2007.05.06"]
[EventType "swiss"]
[EventRounds "9"]
[EventCountry "ESP"]
[Source "lmi"]
[SourceDate "2007.05.06"]

1. e4 c5 2. Nf3 Nc6 3. d4 cxd4 4. Nxd4 e5 5. Nb5 d6 6. N1c3 a6 7. Na3 Nf6 8.
Bd3 Be6 9. Bg5 Be7 10. Bxf6 Bxf6 11. O-O O-O 12. Nd5 Bxd5 13. exd5 Ne7 14. c4
Qb6 15. Rb1 Rfe8 16. Nc2 Rac8 17. Ne3 Ng6 18. Qc2 Qc7 19. a4 Bg5 20. Bf5 Rb8
21. b4 b6 22. g3 Re7 23. Ng4 Rbe8 24. h4 Bf6 25. Qe4 a5 26. bxa5 bxa5 27. Rb5
Nf8 28. Nxf6+ gxf6 29. Qg4+ Kh8 30. Rfb1 Qa7 31. Rb6 Rd8 32. h5 e4 33. Qh4 Nd7
34. Bxd7 Qxd7 35. Qxf6+ Kg8 36. h6 Qg4 37. Qxe7 1-0

[Event "España ch Universitario 2007"]
[Site "Cartagena ESP"]
[Date "2007.05.08"]
[Round "3.1"]
[White "Perez Candelario, Manuel"]
[Black "Paredes Sanchez, Juan"]
[Result "1-0"]
[WhiteElo "2511"]
[BlackElo "2215"]
[PlyCount "71"]
[EventDate "2007.05.06"]
[EventType "swiss"]
[EventRounds "9"]
[EventCountry "ESP"]
[Source "lmi"]
[SourceDate "2007.05.06"]

1. e4 c5 2. Nf3 d6 3. d4 cxd4 4. Nxd4 Nf6 5. Nc3 a6 6. Be3 e5 7. Nf3 Be7 8. Bc4
O-O 9. O-O Qc7 10. Bb3 Be6 11. Qe2 Rc8 12. Rfd1 b5 13. a3 Nbd7 14. Bg5 Bc4 15.
Qe1 a5 16. Nd2 Bxb3 17. cxb3 b4 18. Na4 h6 19. Bxf6 Nxf6 20. Nc4 Rab8 21. Rac1
Qa7 22. Rd3 Rc6 23. Rcd1 Qa8 24. f3 bxa3 25. bxa3 Rxb3 26. Rxb3 Rxc4 27. Nb6
Qa7 28. Qf2 Rc6 29. Nd5 Qxf2+ 30. Kxf2 Rc2+ 31. Kf1 Nxd5 32. Rxd5 a4 33. Rb4
Rc1+ 34. Kf2 Rc2+ 35. Kg3 Bg5 36. Rxa4 1-0

[Event "España ch Universitario 2007"]
[Site "Cartagena ESP"]
[Date "2007.05.08"]
[Round "3.2"]
[White "Paredes Cordo, Jacobo Borja"]
[Black "Llaneza Vega, Marcos"]
[Result "0-1"]
[WhiteElo "2211"]
[BlackElo "2455"]
[PlyCount "94"]
[EventDate "2007.05.06"]
[EventType "swiss"]
[EventRounds "9"]
[EventCountry "ESP"]
[Source "lmi"]
[SourceDate "2007.05.06"]

1. e4 c5 2. Nf3 Nf6 3. e5 Nd5 4. Nc3 e6 5. g3 Nc6 6. Bg2 d6 7. exd6 Bxd6 8. O-O
O-O 9. Ne4 Be7 10. d4 cxd4 11. Nxd4 Bd7 12. c4 Nc7 13. Bf4 Ne8 14. Qd2 Nxd4 15.
Qxd4 Bc6 16. Qe3 Qa5 17. Qe2 Rc8 18. Bd2 Qf5 19. Bc3 b5 20. g4 Qg6 21. cxb5 Bd5
22. Rfd1 Bc4 23. Qe3 Qxg4 24. Rd7 Rc7 25. Rxc7 Nxc7 26. Qxa7 Nd5 27. Ng3 Bd8
28. Qd4 Qxd4 29. Bxd4 Bxb5 30. a4 Ba6 31. Bxd5 exd5 32. b4 f5 33. b5 Bc8 34.
Rc1 Ba5 35. Nh5 f4 36. Bxg7 Rd8 37. Bd4 Bf5 38. Nxf4 Bd2 39. Rc7 Bxf4 40. Rg7+
Kf8 41. Ra7 Rc8 42. Kg2 Rc4 43. Bb2 d4 44. Ra8+ Kf7 45. Rd8 d3 46. b6 Rb4 47.
Bc3 Rxb6 0-1

[Event "España ch Universitario 2007"]
[Site "Cartagena ESP"]
[Date "2007.05.08"]
[Round "3.3"]
[White "Trent, Lawrence"]
[Black "Fernandez Barrera, Victor"]
[Result "1-0"]
[WhiteElo "2453"]
[BlackElo "2202"]
[PlyCount "63"]
[EventDate "2007.05.06"]
[EventType "swiss"]
[EventRounds "9"]
[EventCountry "ESP"]
[Source "lmi"]
[SourceDate "2007.05.06"]

1. e4 e6 2. d4 d5 3. Nd2 Be7 4. Ngf3 Nf6 5. e5 Nfd7 6. c3 c5 7. Bd3 Nc6 8. O-O
a5 9. Re1 cxd4 10. cxd4 Qb6 11. Nb1 Nxd4 12. Nxd4 Qxd4 13. Nc3 Bc5 14. Nb5
Qxf2+ 15. Kh1 O-O 16. Bg5 Bb4 17. Re3 g6 18. a3 Be7 19. Rf3 Qxf3 20. Qxf3 Bxg5
21. Qg3 Be7 22. Rf1 Nc5 23. Nd6 Bd7 24. Bb1 b5 25. h4 b4 26. h5 Kg7 27. Rxf7+
Rxf7 28. Nxf7 Kxf7 29. hxg6+ hxg6 30. Qxg6+ Kf8 31. Qh6+ Kf7 32. Bg6+ 1-0

[Event "España ch Universitario 2007"]
[Site "Cartagena ESP"]
[Date "2007.05.08"]
[Round "3.4"]
[White "Alsina Leal, Daniel"]
[Black "Gimeno Higueras, Roberto"]
[Result "1-0"]
[WhiteElo "2428"]
[BlackElo "2198"]
[PlyCount "57"]
[EventDate "2007.05.06"]
[EventType "swiss"]
[EventRounds "9"]
[EventCountry "ESP"]
[Source "lmi"]
[SourceDate "2007.05.06"]

1. e4 e5 2. Nf3 Nf6 3. Nxe5 d6 4. Nf3 Nxe4 5. Nc3 Nxc3 6. dxc3 Be7 7. Be3 Be6
8. Qd2 Nc6 9. O-O-O Bf6 10. Kb1 h6 11. h3 a6 12. g4 Qd7 13. Bg2 Na5 14. b3 Qb5
15. Nd4 Bxd4 16. Qxd4 O-O 17. f4 Rfe8 18. Rhe1 c5 19. Qxd6 Bxb3 20. Qxc5 Bxc2+
21. Kxc2 Qa4+ 22. Kb1 Rxe3 23. Qxe3 Nc4 24. Qc1 Rc8 25. Bd5 Na3+ 26. Kb2 Nb5
27. Bb3 Qa3+ 28. Ka1 Qa5 29. Re3 1-0

[Event "España ch Universitario 2007"]
[Site "Cartagena ESP"]
[Date "2007.05.08"]
[Round "3.5"]
[White "Cruz Alvarez de Ron, Dan"]
[Black "Almagro Llamas, Pablo"]
[Result "0-1"]
[WhiteElo "2194"]
[BlackElo "2394"]
[PlyCount "102"]
[EventDate "2007.05.06"]
[EventType "swiss"]
[EventRounds "9"]
[EventCountry "ESP"]
[Source "lmi"]
[SourceDate "2007.05.06"]

1. Nf3 d5 2. c4 c6 3. d4 Nf6 4. e3 Bf5 5. Bd3 Bxd3 6. Qxd3 e6 7. Nbd2 Nbd7 8.
O-O Be7 9. e4 dxe4 10. Nxe4 O-O 11. Bf4 Nxe4 12. Qxe4 Qa5 13. Ne5 Rad8 14. Rfd1
Nxe5 15. Bxe5 Bd6 16. g3 Bxe5 17. Qxe5 Qb4 18. Qe2 Rd7 19. Rd2 Rfd8 20. Rad1 a5
21. Kg2 a4 22. Qd3 b5 23. cxb5 cxb5 24. a3 Qa5 25. b4 axb3 26. Qxb3 h6 27. Qf3
Rd5 28. Rd3 Qb6 29. Qe4 Qd6 30. f4 Qc6 31. Kf2 Ra8 32. Qe3 Ra4 33. Rc1 Qd6 34.
Rcd1 Rc4 35. R1d2 Qc6 36. Rd1 g5 37. fxg5 hxg5 38. Kg1 Rf5 39. R3d2 Rc3 40. Rd3
Rxd3 41. Qxd3 Qd5 42. Rc1 Rf3 43. Qd2 Rxa3 44. Rc8+ Kg7 45. Qb4 Ra1+ 46. Kf2
Qf5+ 47. Ke3 Kh7 48. Rc5 Qf1 49. d5 Re1+ 50. Kd4 Qf2+ 51. Kd3 Re3+ 0-1

[Event "España ch Universitario 2007"]
[Site "Cartagena ESP"]
[Date "2007.05.08"]
[Round "3.6"]
[White "Garcia Castro, Pablo"]
[Black "Martinez Lozano, Miguel Angel"]
[Result "1-0"]
[WhiteElo "2379"]
[BlackElo "2194"]
[PlyCount "91"]
[EventDate "2007.05.06"]
[EventType "swiss"]
[EventRounds "9"]
[EventCountry "ESP"]
[Source "lmi"]
[SourceDate "2007.05.06"]

1. Nf3 Nf6 2. d3 g6 3. e4 d6 4. g3 Bg7 5. Bg2 O-O 6. O-O c5 7. c3 Nc6 8. Re1
Bg4 9. h3 Bxf3 10. Bxf3 Nd7 11. Bg2 Rb8 12. Be3 Qc7 13. Nd2 b5 14. Rc1 b4 15.
d4 bxc3 16. bxc3 Rfc8 17. Nb3 Na5 18. dxc5 Nxc5 19. Nxc5 dxc5 20. Qa4 Rd8 21.
Bf4 e5 22. Bg5 f6 23. Be3 Kh8 24. Bf1 f5 25. Bg5 Rf8 26. Rcd1 Rf7 27. Rd5 f4
28. Red1 fxg3 29. fxg3 Rbf8 30. Qb5 Nb7 31. Rd7 Qb6 32. Qxb6 axb6 33. Be7 Re8
34. Rxb7 Bf8 35. Bxf8 Rxb7 36. Bh6 Ra7 37. a4 Raa8 38. Bg5 Rf8 39. Bb5 Rf3 40.
Kg2 Rxc3 41. Bf6+ Kg8 42. Bxe5 Rc2+ 43. Kf3 Rf8+ 44. Kg4 Rf7 45. Rd8+ Rf8 46.
Rd6 1-0

[Event "España ch Universitario 2007"]
[Site "Cartagena ESP"]
[Date "2007.05.08"]
[Round "3.7"]
[White "Rosa Cintas, Raul"]
[Black "Andres Gonzalez, Ivan"]
[Result "0-1"]
[WhiteElo "2192"]
[BlackElo "2372"]
[PlyCount "88"]
[EventDate "2007.05.06"]
[EventType "swiss"]
[EventRounds "9"]
[EventCountry "ESP"]
[Source "lmi"]
[SourceDate "2007.05.06"]

1. d4 e6 2. c4 Nf6 3. Nc3 d5 4. e3 c6 5. Nf3 Nbd7 6. Qc2 Bd6 7. Bd3 dxc4 8.
Bxc4 e5 9. O-O O-O 10. Rd1 Qe7 11. dxe5 Nxe5 12. Nxe5 Bxe5 13. h3 Be6 14. Bd3
h6 15. e4 Qc7 16. Be3 Bh2+ 17. Kh1 Bf4 18. Qc1 Bxe3 19. Qxe3 Qb6 20. Qxb6 axb6
21. Bc2 g5 22. a3 Nd7 23. Ne2 Ne5 24. Nd4 Rfd8 25. Nxe6 fxe6 26. a4 Kf7 27. b3
Ke7 28. Kg1 Rxd1+ 29. Rxd1 b5 30. axb5 c5 31. Kf1 Ra5 32. Ke2 Rxb5 33. Rb1 Nc6
34. Kd3 Ra5 35. Kc3 Ra2 36. Rb2 Ra3 37. Bd1 Nd4 38. Rd2 b5 39. Kb2 b4 40. g3
Ra8 41. Be2 Rf8 42. Bg4 Kd6 43. Bh5 Ke5 44. Bg6 Rf3 0-1

[Event "España ch Universitario 2007"]
[Site "Cartagena ESP"]
[Date "2007.05.08"]
[Round "3.8"]
[White "Antoli Royo, Joaquin Miguel"]
[Black "Torrado Quintela, Julio"]
[Result "0-1"]
[WhiteElo "2356"]
[BlackElo "2184"]
[PlyCount "88"]
[EventDate "2007.05.06"]
[EventType "swiss"]
[EventRounds "9"]
[EventCountry "ESP"]
[Source "lmi"]
[SourceDate "2007.05.06"]

1. e4 c5 2. Nf3 d6 3. d4 cxd4 4. Nxd4 Nf6 5. Nc3 a6 6. Bg5 e6 7. f4 Nc6 8. Nxc6
bxc6 9. e5 h6 10. Bh4 g5 11. fxg5 Nd5 12. Ne4 Qb6 13. Bd3 hxg5 14. Bg3 dxe5 15.
Bxe5 Rh4 16. Qe2 Bb7 17. Nf6+ Nxf6 18. Bxf6 Be7 19. Bxe7 Qxb2 20. O-O Qd4+ 21.
Kh1 Kxe7 22. Qd2 f6 23. Rab1 Bc8 24. g3 Rh6 25. Rf2 Bd7 26. Qe2 c5 27. Be4 Rah8
28. Rd1 Qe5 29. Qd3 Bc8 30. Re2 Qc7 31. Qb3 Rd8 32. Rde1 e5 33. Rf1 Be6 34. c4
Rd4 35. Bd5 Bxd5+ 36. cxd5 Qd7 37. Rd1 Rh8 38. Rxd4 cxd4 39. Kg1 Rd8 40. Qb1
Qxd5 41. Rb2 d3 42. Rb7+ Rd7 43. Qb4+ Kf7 44. Qb3 Qxb3 0-1

[Event "España ch Universitario 2007"]
[Site "Cartagena ESP"]
[Date "2007.05.08"]
[Round "3.9"]
[White "Prol Nogueira, Iago"]
[Black "Garrido Dominguez, Jesus"]
[Result "0-1"]
[WhiteElo "2183"]
[BlackElo "2347"]
[PlyCount "90"]
[EventDate "2007.05.06"]
[EventType "swiss"]
[EventRounds "9"]
[EventCountry "ESP"]
[Source "lmi"]
[SourceDate "2007.05.06"]

1. e4 e5 2. Bc4 Nc6 3. Nf3 Bc5 4. c3 Nf6 5. d3 O-O 6. O-O a6 7. d4 Be7 8. d5
Nb8 9. Nxe5 d6 10. Nd3 Nxe4 11. Qf3 Nf6 12. Be3 b5 13. Bb3 Bg4 14. Qg3 Be2 15.
Nf4 Bxf1 16. Kxf1 Nbd7 17. Nd2 Ne5 18. Re1 Qd7 19. h3 Rfe8 20. Bd4 Ng6 21. Ne4
Nxf4 22. Qxf4 Nxe4 23. Rxe4 Bf8 24. Bc2 Rxe4 25. Bxe4 Re8 26. f3 Qe7 27. g4 g6
28. Bf6 Bh6 29. g5 Qd7 30. gxh6 Qxh3+ 31. Kf2 c6 32. dxc6 Qe6 33. Qg5 d5 34.
Bd3 Qe1+ 35. Kg2 Qd1 36. Be7 Qxd3 37. Qf6 Qd2+ 38. Kg3 Qxh6 39. c7 Qe3 40. Qd6
Qe1+ 41. Kg2 Rxe7 42. c8=Q+ Kg7 43. Qg3 Re2+ 44. Kh3 Qh1+ 45. Kg4 h5+ 0-1

[Event "España ch Universitario 2007"]
[Site "Cartagena ESP"]
[Date "2007.05.08"]
[Round "3.10"]
[White "Gonzalez Somoza, Oliver"]
[Black "Salas Romero, Santiago"]
[Result "1-0"]
[WhiteElo "2309"]
[BlackElo "2136"]
[PlyCount "43"]
[EventDate "2007.05.06"]
[EventType "swiss"]
[EventRounds "9"]
[EventCountry "ESP"]
[Source "lmi"]
[SourceDate "2007.05.06"]

1. d4 Nf6 2. c4 e6 3. Nf3 b6 4. g3 Ba6 5. Qb3 d5 6. cxd5 Qxd5 7. Qd1 Bb7 8. Bg2
Qd8 9. O-O Be7 10. Nc3 O-O 11. Bf4 Nbd7 12. Qc2 Nh5 13. Ng5 Bxg5 14. Bxg5 Qc8
15. d5 Re8 16. dxe6 Rxe6 17. Bh3 Qe8 18. Bxe6 Qxe6 19. e4 h6 20. Be3 g5 21. f3
Ne5 22. Bd4 1-0